00000000nas 2200000zi 4500
0019.894832
003CaOODSP
00520250619121206
006m     o  d f      
007cr cn ||||||||
008201221c20209999oncmr p os   f0###b0fre|d
022 |a2819-4098
040 |aCaOODSP|bfre|erda|cCaOODSP
043 |an-cn---
0861 |aFR3-2F-PDF
222 0|aRapport mensuel sur le commerce mondial
24500|aRapport mensuel sur le commerce mondial / |cLe Bureau de l'économiste en chef.
264 1|a[Ottawa] : |bAffaires mondiales Canada = Global Affairs Canada, |c[2020]-
310 |aMensuel
336 |atexte|btxt|2rdacontent/fre
337 |ainformatique|bc|2rdamedia/fre
338 |aressource en ligne|bcr|2rdacarrier/fre
3621 |aParaît depuis : Octobre 2020.
500 |aPublié aussi en anglais sous le titre : Monthly trade report.
588 |aDescription d'après : Octobre 2020; titre de la page couverture du fichier PDF.
588 |aDernière livraison consultée : Septembre 2024.
650 6|aCommerce|zCanada|vStatistiques|vPériodiques.
655 7|aStatistiques|2rvmgf
655 7|aPériodiques|2rvmgf
7101 |aCanada. |bAffaires mondiales Canada, |eorganisme de publication.
7101 |aCanada. |bBureau de l'économiste en chef, |eorganisme de publication.
77508|tMonthly trade report / |w(CaOODSP)9.894830